Шифрованная телеграмма [Лорис-Меликова М. Т.] Черевину по вопросу об исполнении приговора по делу Квятковского, Ширяева, Тихонов...

RUSMARC
00005747nac2a22003973x 450
001620c9b26-2823-4f6f-a449-d636baaed386
00520240723144213.0
100##$a20240716l1880 k y0rusy50 ca
1010#$arus
102##$aRU
105##$ay z |||||
1220#$ad18801031
2001#$aШифрованная телеграмма [Лорис-Меликова М. Т.] Черевину по вопросу об исполнении приговора по делу Квятковского, Ширяева, Тихонова и др. (С позднейшей пояснительной подписью Лорис-Меликова)
$j31.10.1880
215##$a4 листа
$d37,6 х 24,5
251##$cДело
300##$aЗаголовок дела на папке: Шифрованная телеграмма [Лорис-Меликова] Черевину по вопросу об исполнении приговора по делу Квятковского, Ширцева, Тихонова и др. С позднейшей пояснительной надписью Лорис-Меликова
300##$aРукописный текст
324##$aКопия
325##$aЗамикрофильмировано
330##$aВходит в раздел описи: Разные материалы
461#0$1001cda3d175-ae4a-411a-8dea-9cc20fb178f6
$12001
$aЛорис-Меликов Михаил Тариелович, граф, министр внутренних дел, главный начальник "верховной распорядительной комиссии по охранению государственного порядка и общественного спокойствия", генерал от кавалерии
$1251
$cФонд
$1852
$j569
462#0$1001163e060a-d7cc-404d-90ee-e28c9801971b
$12001
$aОпись дел фонда М. Т. Лорис-Меликова за 1858-1915 гг.
$vД. 286
$1251
$cОпись
$1852
$j1
5171#$aШифрованная телеграмма [Лорис-Меликова] Черевину по вопросу об исполнении приговора по делу Квятковского, Ширцева, Тихонова и др. С позднейшей пояснительной надписью Лорис-Меликова
600#1$aЧеревин
600#1$aКвятковский
600#1$aШирцев
600#1$aТихонов
600#1$aЛорис-Меликов
$bМ. Т.
$gМихаил Тариелович
605##$3DITM\AF\0000002775
$aВласть
$lколлекция
$2acquisition_prlib
6101#$aТелеграммы
$aИсполнение приговора
686##$a63.3(2)535-332ю1
$cИстория
$2rubbk
686##$a67.400.6ю1
$cПраво
$2rubbk
700#1$aЛорис-Меликов
$bМ. Т.
$gМихаил Тариелович
801#0$aRU
$bGA_RF
801#1$aRU
$bГлавНИВЦ
$c20240716
$2rusmarc
801#2$aRU
$bПБ им. Б.Н. Ельцина
$c20240723
$gRCR
$2rusmarc
852##$aГА РФ
$j286
937##$d193079886
$hГАРФ
035##$aRuPRLIB51076738
856##$uhttp://readingroom.main.prlib.ru/item.aspx?id_node=n193079886&mode=full
Формат отображения